000 00402nam a2200157 i 4500
001 bg
100 1 _aKAFAROV, V.V.
245 0 _aPrincipy matematiceskogo modelirovanija /
_cV.V. Kafarov, V.L. Perov, V.P. Mesalkin.
260 _aMoskva,
_c1974.
700 1 _aPEROV, V.L.
700 1 _aMESALKIN, V.P.
040 _cBPK
041 _apol
942 _cKS
008 s pl f |000 0 pol
999 _c23829
_d23829
856 _uhttp://koha.tu.koszalin.pl/cgi-bin/koha/opac-detail.pl?biblionumber=23829
_yKatalog online BPK